| 000 | 00780nam a2200289Ia 4500 | ||
|---|---|---|---|
| 008 | 171025s9999 xx 000 0 und d | ||
| 020 | _a590032917 | ||
| 050 | _a372.4 | ||
| 050 | _bW677 1998 | ||
| 100 | _aWilford, Sara | ||
| 245 | _aYour child is learning to read / | ||
| 245 | _cby Sara Wilford ; foreword by Robert Needlman. | ||
| 260 | _aNew York : | ||
| 260 | _bScholastic, | ||
| 260 | _c1998 | ||
| 300 | _a98 pages : | ||
| 300 | _billustrations ; | ||
| 300 | _c23cm. | ||
| 500 | _aIncludes bibliographic reference. | ||
| 650 | _aEducation, Elementary -- | ||
| 650 | _aParent-teacher relationships. | ||
| 650 | _aReading -- | ||
| 650 | _xParent participation. | ||
| 650 | _xParent participation. | ||
| 700 | _aNeedlman, Robert. | ||
| 700 | _aTitle. | ||
| 999 |
_c344656 _d344656 |
||